[Event "48th Rilton Cup 2018"]
[Site "Stockholm"]
[Date "2018.12.28"]
[Round "2"]
[White "Santos Ruiz, Miguel"]
[Black "Krishna Teja, N."]
[Result "1-0"]
[WhiteElo "2523"]
[BlackElo "2340"]
[Annotator "ChessBase"]
[PlyCount "93"]
[EventDate "2018.12.27"]
[EventType "swiss"]
[EventCountry "SWE"]
[SourceTitle "playchess.com"]
[Source "ChessBase"]
[SourceQuality "1"]
[TimeControl "40/5400+30:1800+30"]

1. e4 {[%emt 0:00:00]} c6 {[%emt 0:00:00]} 2. d4 {[%emt 0:00:00]} d5 {[%emt 0:00:00]} 3. Nc3 {[%emt 0:00:00]} dxe4 {[%emt 0:00:00]} 4. Nxe4 {[%emt 0:00:00]} Bf5 {[%emt 0:00:00]} 5. Ng3 {[%emt 0:00:00]} Bg6 {[%emt 0:00:03]} 6. h4 {[%emt 0:00:01]} h6 {[%emt 0:00:06]} 7. Nf3 {[%emt 0:00:04]} e6 {[%emt 0:00:08]} 8. Ne5 {[%emt 0:00:19]} Bh7 {[%emt 0:00:03]} 9. Bd3 {[%emt 0:00:04]} Bxd3 {[%emt 0:00:08]} 10. Qxd3 {[%emt 0:00:04]} Nf6 {[%emt 0:00:25]} 11. Bd2 {[%emt 0:00:13]} Nbd7 {[%emt 0:00:07]} 12. f4 {[%emt 0:00:08]} c5 {[%emt 0:00:20]} 13. O-O-O {[%emt 0:01:54]} cxd4 {[%emt 0:00:06]} 14. Ng6 {[%emt 0:00:48]} Rg8 {[%emt 0:00:08]} 15. Nxf8 {[%emt 0:13:50]} Nxf8 {[%emt 0:00:17]} 16. Bb4 {[%emt 0:00:10]} Qb6 {[%emt 0:02:58]} 17. Qxd4 {[%emt 0:23:10]} Qxd4 {[%emt 0:01:01]} 18. Rxd4 {[%emt 0:02:08]} Rd8 {[%emt 0:00:03]} 19. Rc4 {[%emt 0:09:06]} b6 {[%emt 0:14:47]} 20. Re1 {[%emt 0:05:15]} Nd5 {[%emt 0:03:02]} 21. Bd2 {[%emt 0:07:19]} Nd7 {[%emt 0:03:01]} 22. Ne4 {[%emt 0:11:30]} Ke7 {[%emt 0:06:02]} 23. Rd4 {[%emt 0:04:15]} Nb8 {[%emt 0:08:49]} 24. f5 {[%emt 0:02:08]} Nc6 {[%emt 0:03:48]} 25. Rc4 {[%emt 0:00:04]} Kd7 {[%emt 0:04:04]} 26. fxe6+ {[%emt 0:00:54]} fxe6 {[%emt 0:00:02]} 27. Nc3 {[%emt 0:00:37]} Rdf8 {[%emt 0:00:23]} 28. Rg4 {[%emt 0:01:37]} g5 {[%emt 0:04:38]} 29. Nxd5 {[%emt 0:05:11]} exd5 {[%emt 0:00:15]} 30. hxg5 {[%emt 0:00:00]} hxg5 {[%emt 0:01:50]} 31. Rh1 {[%emt 0:03:14]} Rf5 {[%emt 0:00:24]} 32. b3 {[%emt 0:03:21]} d4 {[%emt 0:08:38]} 33. Kd1 {[%emt 0:02:36]} b5 {[%emt 0:02:30]} 34. Rh7+ {[%emt 0:00:42]} Kd6 {[%emt 0:02:45]} 35. Rh6+ {[%emt 0:01:41]} Kd7 {[%emt 0:00:03]} 36. Rh7+ {[%emt 0:00:31]} Kd6 {[%emt 0:02:21]} 37. Rh6+ {[%emt 0:00:03]} Kd7 {[%emt 0:00:02]} 38. Re4 {[%emt 0:00:12]} Rgf8 {[%emt 0:04:06]} 39. Ree6 {[%emt 0:00:13]} Rf1+ {[%emt 0:01:29]} 40. Be1 {[%emt 0:02:24]} Nb4 {[%emt 0:04:02]} 41. a3 {[%emt 0:34:12]} Na2 {[%emt 0:32:40]} 42. Ra6 {[%emt 0:00:00]} Nc3+ {[%emt 0:00:00]} 43. Kd2 {[%emt 0:00:00]} R8f2+ {[%emt 0:00:00]} 44. Kd3 {[%emt 0:00:00]} Rxe1 {[%emt 0:00:00]} 45. Rxa7+ {[%emt 0:00:00]} Ke8 {[%emt 0:00:00]} 46. Kxd4 {[%emt 0:00:00]} Ne2+ {[%emt 0:00:00]} 47. Ke4 1-0

[Event "48th Rilton Cup 2018"]
[Site "Stockholm"]
[Date "2018.12.28"]
[Round "2"]
[White "Thybo, Jesper Sondergaard"]
[Black "Tryggestad, Andreas Garberg"]
[Result "1-0"]
[WhiteElo "2519"]
[BlackElo "2333"]
[Annotator "ChessBase"]
[PlyCount "49"]
[EventDate "2018.12.27"]
[EventType "swiss"]
[EventCountry "SWE"]
[SourceTitle "playchess.com"]
[Source "ChessBase"]
[SourceQuality "1"]
[TimeControl "40/5400+30:1800+30"]

1. Nf3 {[%emt 0:00:00]} Nf6 {[%emt 0:00:00]} 2. c4 {[%emt 0:00:00]} g6 {[%emt 0:00:00]} 3. Nc3 {[%emt 0:00:00]} d5 {[%emt 0:00:00]} 4. cxd5 {[%emt 0:00:00]} Nxd5 {[%emt 0:00:00]} 5. Qb3 {[%emt 0:00:00]} Nb6 {[%emt 0:00:00]} 6. d4 {[%emt 0:00:00]} Bg7 {[%emt 0:00:21]} 7. e4 {[%emt 0:00:01]} Bg4 {[%emt 0:01:07]} 8. Bb5+ {[%emt 0:00:51]} c6 {[%emt 0:00:57]} 9. Ng5 {[%emt 0:00:10]} O-O {[%emt 0:01:01]} 10. Be2 {[%emt 0:00:12]} Bxe2 {[%emt 0:05:56]} 11. Nxe2 {[%emt 0:00:06]} N8d7 {[%emt 0:04:05]} 12. Qh3 {[%emt 0:13:59]} h6 {[%emt 0:01:30]} 13. Nf3 {[%emt 0:00:07]} Kh7 {[%emt 0:00:15]} 14. O-O {[%emt 0:10:41]} c5 {[%emt 0:09:35]} 15. d5 {[%emt 0:00:38]} Nc4 {[%emt 0:00:30]} 16. Bg5 {[%emt 0:08:48]} Nde5 {[%emt 0:04:34]} 17. Nxe5 {[%emt 0:04:01]} Nxe5 {[%emt 0:00:04]} 18. Rad1 {[%emt 0:00:03]} c4 {[%emt 0:16:08]} 19. b3 {[%emt 0:09:49]} Qc7 {[%emt 0:10:23]} 20. Kh1 {[%emt 0:08:13]} Rfe8 {[%emt 0:18:19]} 21. f4 {[%emt 0:01:31]} Nd3 {[%emt 0:00:54]} 22. bxc4 {[%emt 0:00:38]} Nb2 {[%emt 0:00:04]} 23. Rc1 {[%emt 0:00:44]} Nxc4 {[%emt 0:00:06]} 24. f5 {[%emt 0:00:41]} Rf8 {[%emt 0:05:24]} 25. d6 {[%emt 0:04:17]} 1-0

[Event "48th Rilton Cup 2018"]
[Site "Stockholm"]
[Date "2018.12.28"]
[Round "2"]
[White "Vardaan Nagpal"]
[Black "Kobalia, Mikhail"]
[Result "0-1"]
[WhiteElo "2415"]
[BlackElo "2620"]
[Annotator "TA"]
[PlyCount "66"]
[EventDate "2018.12.27"]
[EventType "swiss"]
[EventCountry "SWE"]
[SourceTitle "playchess.com"]
[Source "ChessBase"]
[SourceQuality "1"]

{[%evp 20,66,46,36,52,35,48,32,39,36,58,57,71,53,47,49,49,45,45,32,48,26,22,22,22,0,0,-382,-385,-487,-475,-459,-484,-464,-452,-669,-671,-723,-700,-972,-955,-1427,-1351,-29991,-29992,-29992,-29993,-29993,-29992]} 1. Nf3 g6 2. d4 Bg7 3. g3 f5 4. Bg2 Nf6 5. O-O O-O 6. b3 Ne4 7. Bb2 d5 8. Nbd2 {A81: Dutch Defence: 2 g3} Nc6 9. e3 a5 10. c4 e6 11. a3 {LiveBook: 7 Games} Qe7 $146 ({Predecessor:} 11... Bd7 12. Rc1 Be8 13. Nxe4 fxe4 14. Nd2 Ne7 15. Qc2 Bc6 16. f3 Nf5 17. Rce1 Qg5 {½-½ (31) Inarkiev,E (2674)-Bauer,C (2634) Kemer 2007}) 12. Qc2 Bd7 13. Rfc1 g5 14. Ne1 Be8 15. Nd3 ({Reject} 15. Nxe4 $6 fxe4 16. Qe2 Bg6 $11) 15... Bg6 16. f4 h6 17. Nf3 Rfd8 18. cxd5 exd5 19. Nfe5 Nxe5 20. Nxe5 Bxe5 21. dxe5 c5 22. Bxe4 dxe4 23. Qxc5 $2 {[%mdl 8192] [#]} (23. Rd1 $11 {and White stays safe.}) 23... Rd1+ $1 $19 {[%mdl 512]} 24. Rxd1 Qxc5 25. Bd4 Qb5 26. Rdc1 Bf7 27. Rc7 (27. a4 $142 Qd7 28. Rc3) 27... Rd8 28. Rac1 Qxb3 29. e6 Bxe6 30. Rg7+ Kf8 {Hoping for ...Rxd4.} 31. Rcc7 {[#]} Rxd4 $1 {Black mates.} 32. exd4 Qd1+ 33. Kf2 Qxd4+ {Precision: White = 43%, Black = 56%.} 0-1

[Event "48th Rilton Cup 2018"]
[Site "Stockholm"]
[Date "2018.12.28"]
[Round "2"]
[White "Keinanen, Toivo"]
[Black "Donchenko, Alexander"]
[Result "1/2-1/2"]
[WhiteElo "2404"]
[BlackElo "2604"]
[Annotator "TA"]
[PlyCount "119"]
[EventDate "2018.12.27"]
[EventType "swiss"]
[EventCountry "SWE"]
[SourceTitle "playchess.com"]
[Source "ChessBase"]
[SourceQuality "1"]

{[%evp 16,119,24,26,30,0,3,0,0,-25,-29,-19,-18,-23,-11,-11,-13,-17,-18,-14,-10,-17,0,0,0,-13,-16,-18,-28,-21,-8,-8,-3,-52,-52,-52,-52,-52,-52,-52,-52,-52,-52,-52,-52,-52,-52,-52,-52,-52,-52,-52,-52,-52,-52,-52,-52,-52,-41,-52,0,-52,-52,-53,-53,-57,-41,-41,-41,-41,-41,-41,-41,-41,-41,-41,0,-41,-2,-41,-41,-41,0,0,0,0,0,0,0,0,0,0,0,0,0,0,0,0,0,-7,-7,-7,-7,-7,-7,-7]} 1. d4 Nf6 2. c4 e6 3. g3 c5 4. Nf3 cxd4 5. Nxd4 Bb4+ 6. Bd2 Qb6 7. Bxb4 Qxb4+ 8. Qd2 Qxd2+ 9. Nxd2 Nc6 {A32: Symmetrical English: 2 Nf3 Nf6 3 d4 cxd4 4 Nxd4 e6} 10. Nxc6 dxc6 11. Bg2 $146 ({Predecessor:} 11. e4 c5 12. e5 Ng4 13. f4 Bd7 14. Bg2 Ne3 {1-0 (41) Vernersson,P (2468)-Engman,R (2253) Sweden 2008}) 11... e5 12. Ne4 Nxe4 13. Bxe4 Be6 14. b3 O-O-O 15. Rd1 Kc7 16. f3 a5 17. Bd3 h6 18. Kd2 b5 19. cxb5 cxb5 20. Kc3 Kb6 21. a3 Rd4 22. Bc2 Rhd8 23. Rxd4 Rxd4 $11 {[%mdl 4096] Endgame KRB-KRB} 24. Rd1 b4+ 25. axb4 axb4+ 26. Kb2 Rxd1 27. Bxd1 $15 {KB-KB} Kc5 {Hoping for ...Kd4.} 28. e3 g5 29. Kc2 f5 {[%cal Bf7f5,Bf5f4][%mdl 32]} 30. Kd3 Bd7 31. Bc2 Bc6 32. Ke2 f4 33. Kf2 Kd6 34. Bd1 Ke6 35. Bc2 Kf6 36. Bd1 Kf5 37. Bc2+ Kf6 38. Bd1 $1 Bd5 39. Bc2 Be6 40. Bd1 Bf5 41. Be2 Bc2 42. Bc4 Bg6 43. Bd5 Bd3 44. Bg8 Bb1 45. Bd5 Bc2 46. Bc4 h5 47. Bd5 Kf5 48. Bg8 {[#] aiming for Bh7+.} e4 49. fxe4+ {The position is equal.} Bxe4 50. Bh7+ Ke5 51. gxf4+ gxf4 52. exf4+ Kxf4 53. Bxe4 Kxe4 $11 {KPP-KPP} 54. Ke2 $1 Kd4 (54... h4 $5 55. h3 $8 Kf4 $11) 55. Kd2 $1 Ke4 (55... h4 $5 56. h3 $8 Ke4 $11) 56. Ke2 $1 Kf4 (56... h4 $5 57. h3 $8 Kd4 $11) 57. Kd3 Kg4 58. Kc4 Kh3 59. Kxb4 Kxh2 {[#] ( -> ...h4)} 60. Kc5 {Accuracy: White = 81%, Black = 72%.} 1/2-1/2

[Event "48th Rilton Cup 2018"]
[Site "Stockholm"]
[Date "2018.12.28"]
[Round "2"]
[White "Rakesh Kumar Jena"]
[Black "Liang, Awonder"]
[Result "0-1"]
[WhiteElo "2398"]
[BlackElo "2589"]
[Annotator "TA"]
[PlyCount "118"]
[EventDate "2018.12.27"]
[EventType "swiss"]
[EventCountry "SWE"]
[SourceTitle "playchess.com"]
[Source "ChessBase"]
[SourceQuality "1"]

{[%evp 20,118,-22,-37,12,-25,-17,-36,-38,-37,-18,-24,-8,-8,0,-32,-8,-37,-41,-40,-35,-52,-45,-75,-57,-55,-54,-75,-41,-60,-62,-54,-37,-39,-39,-26,-25,-28,-65,-195,-202,-164,-88,-88,-89,-141,-90,-103,-99,-101,-58,-58,-56,-63,-56,-52,-43,-52,-50,-52,-52,-52,-52,-88,-72,-75,-75,-75,-74,-74,-75,-75,-75,-75,-49,-52,-58,-70,-58,-83,-83,-218,-231,-222,-215,-215,-118,-200,0,-195,-195,-160,-170,-277,-277,-276,-277,-274,-274,-348,-342]} 1. d4 Nf6 2. Nf3 g6 3. Bg5 Bg7 4. Nbd2 O-O 5. c3 d6 6. e4 c5 7. dxc5 dxc5 8. Bc4 Nc6 9. Qe2 {A48: 1 d4 Nf6 2 Nf3 g6: Torre, London and Colle Systems} h6 (9... Qc7 10. O-O h6 11. Bxf6 Bxf6 12. Qe3 Bg7 13. Qxc5 b6 14. Qe3 Bb7 15. Rfd1 e6 16. Be2 Rfd8 17. Nf1 a6 18. h4 b5 19. N1h2 Rxd1+ 20. Rxd1 {1-0 (35) Harikrishna,P (2744)-Duda,J (2717) Riadh 2017}) 10. Bh4 Na5 11. Bd3 {LiveBook: 6 Games. The position is equal.} Be6 (11... Nh5 $5 {[%cal Rh5f4]} 12. Bg3 Nxg3 13. hxg3 Be6 $11) 12. O-O (12. e5 $5 {[%cal Re5f6]} Nh5 13. Qe3 $11) 12... Qb6 13. Bxf6 $146 ({Predecessor:} 13. Nc4 Nxc4 14. Bxc4 Nh5 15. Bxe6 Qxe6 16. Qe3 b6 {½-½ (36) Koc,Z (2226)-Morley,P (2277) ICCF email 2008}) 13... exf6 14. Nc4 Nxc4 15. Bxc4 Rae8 16. Rfe1 Re7 17. Bxe6 Rxe6 18. Qc2 Rfe8 19. Re3 Qa6 20. Nd2 h5 21. g3 Rd8 (21... Bh6 $5 {[%cal Rh6e3]} 22. f4 g5 $15) 22. Nb3 b6 23. a4 Rde8 24. a5 Bh6 25. f4 Qb7 (25... g5 {is more complex.} 26. f5 g4 27. Ree1 Rd6 28. Qe2 Qb7) 26. axb6 Rxb6 27. Nxc5 Rxb2 28. Nxb7 Rxc2 29. Rxa7 (29. Nc5 $15) 29... Bf8 $19 30. Kf1 Rb8 (30... Re7 $19 31. Re2 Rc1+ 32. Re1 Rxc3) 31. Re2 $17 Rxc3 32. Na5 {[#]} (32. Rb2 $142) 32... Rb5 ({Better is} 32... h4 $1 {[%mdl 512]} 33. Kg2 (33. gxh4 Rb1+) 33... hxg3 34. hxg3 Rd8) 33. Kg2 Rbc5 {Threatens to win with ...Ra3.} 34. Ra2 g5 35. fxg5 fxg5 36. Rf2 Rc2 37. Nb3 Rxf2+ 38. Kxf2 $15 {[%mdl 4096] Endgame KRB-KRN} Rc2+ 39. Kg1 Rb2 40. Rb7 g4 {Hoping for ...Bh6.} 41. Kf1 Bh6 {And now ...Be3 would win.} 42. Nc5 Rxh2 {...Be3 is the strong threat.} 43. e5 Be3 44. Ne4 Bd4 45. Rb5 Kg7 46. Rd5 Be3 47. Rd3 Rh1+ 48. Ke2 Bb6 49. Rd7 {[#]} Ba5 $1 50. Ra7 (50. Ke3 $17) 50... Re1+ $19 51. Kd3 Bb6 52. Ra4 Rd1+ ({Black should try} 52... Bg1 $19 53. Kc2 Re3) 53. Nd2 $17 Re1 {White must now prevent ...Re3+.} 54. Ne4 $1 Re3+ 55. Kd2 Rf3 56. Ke2 (56. Nf6 $142) 56... Rf5 $19 {Black has a decisive advantage.} 57. e6 fxe6 58. Ra6 Rb5 59. Kd3 Rb4 {Precision: White = 52%, Black = 64%.} 0-1

[Event "48th Rilton Cup 2018"]
[Site "Stockholm"]
[Date "2018.12.28"]
[Round "2"]
[White "D`Costa, Lorin A R"]
[Black "Volkov, Sergey"]
[Result "0-1"]
[WhiteElo "2390"]
[BlackElo "2583"]
[Annotator "ChessBase"]
[PlyCount "88"]
[EventDate "2018.12.27"]
[EventType "swiss"]
[EventCountry "SWE"]
[SourceTitle "playchess.com"]
[Source "ChessBase"]
[SourceQuality "1"]
[TimeControl "40/5400+30:1800+30"]

1. d4 {[%emt 0:00:00]} d5 {[%emt 0:00:00]} 2. Bf4 {[%emt 0:00:02]} c5 {[%emt 0:00:00]} 3. e3 {[%emt 0:00:21]} Nc6 {[%emt 0:00:06]} 4. c3 {[%emt 0:00:39]} Nf6 {[%emt 0:00:22]} 5. Nd2 {[%emt 0:01:57]} Bf5 {[%emt 0:00:54]} 6. Qb3 {[%emt 0:01:43]} Qc8 {[%emt 0:04:04]} 7. Ngf3 {[%emt 0:02:04]} c4 {[%emt 0:00:58]} 8. Qd1 {[%emt 0:03:19]} e6 {[%emt 0:03:24]} 9. Be2 {[%emt 0:08:00]} Be7 {[%emt 0:04:56]} 10. Ne5 {[%emt 0:10:38]} Nxe5 {[%emt 0:06:55]} 11. Bxe5 {[%emt 0:02:12]} O-O {[%emt 0:00:28]} 12. a4 {[%emt 0:04:27]} Nd7 {[%emt 0:05:04]} 13. Bg3 {[%emt 0:00:46]} a6 {[%emt 0:00:38]} 14. a5 {[%emt 0:07:32]} Qc6 {[%emt 0:00:31]} 15. O-O {[%emt 0:02:16]} Rfc8 {[%emt 0:00:30]} 16. Re1 {[%emt 0:08:26]} Bd6 {[%emt 0:04:40]} 17. Bxd6 {[%emt 0:19:19]} Qxd6 {[%emt 0:00:16]} 18. b3 {[%emt 0:06:48]} cxb3 {[%emt 0:01:52]} 19. Qxb3 {[%emt 0:00:09]} e5 {[%emt 0:00:41]} 20. Bf3 {[%emt 0:05:20]} Be6 {[%emt 0:03:46]} 21. Rec1 {[%emt 0:01:59]} Rc7 {[%emt 0:02:28]} 22. Qb4 {[%emt 0:04:36]} Qxb4 {[%emt 0:02:13]} 23. cxb4 {[%emt 0:01:38]} Rac8 {[%emt 0:00:06]} 24. Nb3 {[%emt 0:01:41]} Rxc1+ {[%emt 0:05:35]} 25. Rxc1 {[%emt 0:00:08]} Rxc1+ {[%emt 0:00:18]} 26. Nxc1 {[%emt 0:00:01]} exd4 {[%emt 0:00:08]} 27. exd4 {[%emt 0:00:12]} Nb8 {[%emt 0:00:05]} 28. Nb3 {[%emt 0:05:42]} Nc6 {[%emt 0:00:08]} 29. Nc5 {[%emt 0:01:07]} Nxd4 {[%emt 0:02:29]} 30. Nxb7 {[%emt 0:00:26]} Nc6 {[%emt 0:00:15]} 31. Nc5 {[%emt 0:01:28]} Nxb4 {[%emt 0:00:17]} 32. Kf1 {[%emt 0:00:24]} Kf8 {[%emt 0:01:31]} 33. Be2 {[%emt 0:00:34]} Bc8 {[%emt 0:01:02]} 34. Nd3 {[%emt 0:00:30]} Nxd3 {[%emt 0:04:56]} 35. Bxd3 {[%emt 0:00:01]} Ke7 {[%emt 0:00:13]} 36. Ke2 {[%emt 0:00:14]} Kd6 {[%emt 0:00:23]} 37. Bxh7 {[%emt 0:00:56]} g6 {[%emt 0:00:17]} 38. h4 {[%emt 0:00:33]} Ke5 {[%emt 0:01:14]} 39. h5 {[%emt 0:00:40]} gxh5 {[%emt 0:00:21]} 40. Ke3 {[%emt 0:00:38]} d4+ {[%emt 0:00:17]} 41. Kd3 {[%emt 0:30:18]} h4 {[%emt 0:30:41]} 42. Be4 {[%emt 0:00:00]} Bd7 {[%emt 0:00:00]} 43. Bb7 {[%emt 0:00:00]} Bb5+ {[%emt 0:00:00]} 44. Kd2 {[%emt 0:00:00]} Bc4 {[%emt 0:00:00]} 0-1

[Event "48th Rilton Cup 2018"]
[Site "Stockholm"]
[Date "2018.12.28"]
[Round "2"]
[White "Zou, Chen"]
[Black "Sengupta, Deep"]
[Result "1/2-1/2"]
[WhiteElo "2384"]
[BlackElo "2565"]
[Annotator "TA"]
[PlyCount "177"]
[EventDate "2018.12.27"]
[EventType "swiss"]
[EventCountry "SWE"]
[SourceTitle "playchess.com"]
[Source "ChessBase"]
[SourceQuality "1"]

{[%evp 22,177,22,0,58,34,79,79,79,79,86,73,77,83,99,39,50,26,58,25,0,22,85,73,88,77,75,77,58,74,20,25,25,34,29,22,23,0,0,0,0,0,0,-30,0,0,0,0,0,0,48,0,7,7,8,8,20,0,14,0,0,0,4,0,27,18,77,67,93,83,137,162,182,157,150,74,223,232,198,147,144,129,193,185,194,92,419,75,156,56,54,5,779,418,702,675,1120,51,51,51,51,51,51,51,51,50,50,18,50,45,51,0,50,50,50,0,32,0,0,0,51,0,0,0,51,0,0,0,0,0,0,0,0,0,0,0,0,0,0,0,0,0,0,0,0,0,0,0,0,0,0,0,0,0,0,0,0,0]} 1. e4 e6 2. d4 d5 3. Nc3 Bb4 4. e5 c5 5. a3 Ba5 6. b4 cxd4 7. Qg4 Kf8 {C18: French: 3 Nc3 Bb4: Main line: 7 h4 and 7 Qg4} 8. Nb5 Bb6 9. Nf3 Nc6 10. Bb2 Nge7 11. Bd3 Ng6 12. Qg3 {LiveBook: 9 Games} Bc7 $146 (12... f6 $11) ({Predecessor:} 12... f6 13. Bxg6 hxg6 14. Nbxd4 Nxe5 15. Nxe5 fxe5 {½-½ (24) Grischuk,A (2766)-Mamedyarov,S (2801) Saint Louis 2018}) 13. Nbxd4 a5 {[%cal Rc6e5]} 14. Nxc6 bxc6 15. h4 Ne7 16. h5 h6 17. O-O Ba6 18. Nd4 (18. Bd4 $16) 18... Kg8 $14 19. b5 (19. Bc3 {seems wilder.} Bxd3 20. Qxd3 a4 21. Nf3 g6 22. hxg6 Nxg6 23. Rae1) 19... cxb5 20. Nxb5 (20. Qg4 {keeps more tension.} Qc8 21. Nxb5 Rb8 22. Qe2 Bb6 23. a4) 20... Bxb5 21. Bxb5 Rb8 (21... Nf5 $11 22. Qf4 Qg5 23. Qxg5 hxg5) 22. a4 $16 Nf5 23. Qh3 Bb6 24. Rad1 Qg5 25. Rd3 Rc8 26. c4 dxc4 27. Bc1 $1 {[%cal Rc1g5]} Qh4 28. Qxh4 Nxh4 29. Rc3 (29. Rd7 {with more complications.} c3 30. Rfd1 Rc7 31. Rxc7 Bxc7 32. f4) 29... Kh7 30. Rxc4 Rxc4 31. Bxc4 Rd8 32. Bb5 Nf5 33. Kh2 Kg8 34. g4 Ne7 35. Kg2 Rc8 36. Kf3 Nd5 37. Bd2 Rc2 38. Ke2 Ra2 39. Kd3 Bc7 40. Re1 Ra3+ 41. Ke4 Bb6 42. Re2 f6 43. exf6 Nxf6+ (43... gxf6 $11 {remains equal.} 44. f4 Nc3+ 45. Bxc3 Rxc3) 44. Ke5 Nxg4+ 45. Kxe6 Rf3 (45... Nf6 $142) 46. Kd7 Nf6+ 47. Kc6 Bd8 48. Kb7 (48. Bc4+ $142 Kf8 49. Re5) 48... g6 (48... Rf5 $16 {was called for.}) 49. hxg6 $18 Kg7 50. Kc8 (50. Re6 $1 $18) 50... Bb6 $16 51. Re6 Bxf2 (51... Bd4 $16) 52. Bxa5 $18 h5 53. Bc7 (53. Bd8 $18 {is more deadly.}) 53... h4 $2 {[%mdl 8192] [#]} (53... Kxg6 $16 54. a5 h4) 54. a5 $2 (54. Bc6 $1 $18 {[%cal Rc6f3] and the rest is easy.} Rf5 55. a5) 54... h3 ({Black should try} 54... Kxg6 55. Be5 Kg5) 55. Bc6 (55. Be5 $16) 55... Ra3 $1 $14 56. Bb6 Bg3 $2 {[%mdl 8192]} (56... h2 $11 57. Bxf2 Rc3 58. Rxf6 h1=Q) 57. Kb7 ({Less strong is} 57. Bd4 Bh4 $18) 57... h2 (57... Bf4 $142 58. a6 Kxg6) 58. a6 Rc3 {[#]} 59. a7 $2 (59. Rxf6 $1 $18 {[%mdl 512]} h1=Q (59... Kxf6 60. Bd4+) 60. Bxh1 Kxf6 61. Bd4+ Kxg6 62. Bxc3) 59... Rxc6 $1 {[%mdl 64] Remove Defender} 60. Rxc6 {Hoping for Rc1.} h1=Q {[%mdl 4096] Endgame} 61. a8=Q Qd5 62. Qa3 Be5 63. Qe7+ Kxg6 64. Bc7 Bd4 65. Qe8+ ({Much less strong is} 65. Bb6 $6 Be5 $16) 65... Kg7 66. Qe7+ Kg6 67. Qb4 ({But not} 67. Bb6 $6 Be5 $16) 67... Kf7 68. Qb1 Kg7 69. Bf4 Kf7 70. Qd3 Kg7 ({Black should play} 70... Ne4 $11 71. Qh3 Nc5+ 72. Kc7 Ne6+ 73. Qxe6+ Qxe6 74. Rxe6 Kxe6) 71. Qb1 (71. Qc4 $14) 71... Kf7 72. Qd3 Kg7 (72... Ne4 $11 73. Qh3 Nc5+ 74. Kc7 Ne6+ 75. Qxe6+ Qxe6 76. Rxe6 Kxe6) 73. Qg3+ (73. Qc4 $14) 73... Kf7 $11 {And now ...Qb5+ would win.The position is equal.} 74. Bc7 Qb5+ 75. Bb6 Bxb6 76. Rxb6 {KQR-KQN} Qd7+ 77. Ka8 Qe8+ 78. Ka7 {Qf4 is the strong threat.} Qa4+ 79. Ra6 Qd7+ 80. Kb6 Qd4+ 81. Kb5 Qd5+ 82. Kb4 Qb7+ 83. Ka5 Qd5+ 84. Kb6 Qd4+ 85. Kb7 Qd5+ 86. Rc6 Qb5+ 87. Rb6 Qd7+ 88. Kb8 {Black must now prevent Rb7.} Qe8+ 89. Kb7 {Accuracy: White = 42%, Black = 47%.} 1/2-1/2